Normal view
MARC view
- Probabilités
Entry Topical Term
001 - CONTROL NUMBER
- control field: 125441
003 - CONTROL NUMBER IDENTIFIER
- control field: NUST
005 - DATE AND TIME OF LATEST TRANSACTION
- control field: 20240828134008.0
008 - FIXED-LENGTH DATA ELEMENTS
- fixed length control field: 240828|| aca||aabn | a|a d
040 ## - CATALOGING SOURCE
- Original cataloging agency: NUST
- Transcribing agency: NUST
150 ## - HEADING--TOPICAL TERM
- Topical term or geographic name entry element: Probabilités
- Form subdivision: Guides de l'étudiant
670 ## - SOURCE DATA FOUND
- Source citation: Work cat.: (NUST)0: Lipschutz, Seymour, author. 8529, Probability /
